| 000 | 00819nam a2200253 a 4500 | ||
|---|---|---|---|
| 999 |
_c1509 _d1509 |
||
| 008 | 200107t2009 xxkad||g |||| 001 0 eng d | ||
| 020 |
_a9780754676881 _c€. 75 |
||
| 040 |
_aKO _beng |
||
| 041 | 0 | _aeng | |
| 044 | _axxk | ||
| 082 | 0 | 4 |
_223 _a387.1 _bN848 |
| 245 | 1 | 0 |
_aPort in Proximity : _bCompetition and Coordination among Adjacent Seaports / _cEdited by Theo Notteboom, Cesar Ducruet and Peter Delangen |
| 260 |
_aSurrey : _bAshgate , _c2009. |
||
| 300 |
_avii , 305 p. : _bill., charts. ; _c24 cm |
||
| 490 | 0 | _aTransport and Mobility Series ; | |
| 504 | _aIncludes Index. | ||
| 650 | 0 |
_aHarbors _xLocation _vTextbooks |
|
| 650 | 0 |
_aHarbors _xEconomic aspects _vTextbooks |
|
| 700 |
_aNotteboom, Theo _eedt |
||
| 700 |
_aDucruet, Cesar _eedt |
||
| 700 |
_aDelangen, Peter _eedt |
||
| 942 | _cRT | ||